| 000 | nam a22 4500 | ||
|---|---|---|---|
| 999 |
_c8928 _d8928 |
||
| 008 | 180320b ||||| |||| 00| 0 eng d | ||
| 100 |
_926941 _aCahiles-Magkilat, Bernie |
||
| 245 |
_aPCCI alarmed by new DENR mining order/ _cBernie Cahiles-Magkilat |
||
| 260 |
_aPhilippines _bManila Bulletin _cc2017 |
||
| 300 | _apage B-3. | ||
| 650 | 0 |
_926942 _aEnvironmental movement. |
|
| 942 |
_2ddc _cPER |
||